Missing Word: Films About Cannabis Quiz Stats

 Plays Quiz not verified by Sporcle

Score 0/24 Timer 04:00
0 Plays Today
Title Missing Word % Correct
Risky ____Business
93.2%
____ SaddlesBlazing
89.7%
____ Don't CryBoys
86.9%
____ FamousAlmost
85.8%
Training ____Day
85.8%
The ____ TenenbaumsRoyal
84.1%
The Men Who Stare at ____Goats
83%
____ is the EndThis
81.9%
Scott ____ Vs. The WorldPilgrim
80.6%
The ____ ClubBreakfast
75.5%
Jackie ____Brown
69.9%
____ RomanceTrue
67.5%
Title Missing Word % Correct
The Big ____Lebowski
66.2%
____ LieutenantBad
60.7%
30 ____ or LessMinutes
60.5%
____ & FlowHustle
51.5%
____ Getting MarriedRachel
40%
Surfer, ____Dude
37.1%
Sunset ____Strip
29.9%
____ PlaneSoul
28.4%
The ____ AgeStoned
21%
The Skeleton ____Twins
18.8%
Harsh ____Times
17.2%
Animal ____Kingdom
16.4%

You're not logged in!

Compare scores with friends on all Sporcle quizzes.
OR
Log In

Sporcle TV

Today on Sporcle TV


Watch our educational content, quiz creation guides, and fun videos on Sporcle TV.

Show Comments

Extras

Top Quizzes Today


Score Distribution

Your Account Isn't Verified!

In order to create a playlist on Sporcle, you need to verify the email address you used during registration. Go to your Sporcle Settings to finish the process.

Report this User

Report this user for behavior that violates our Community Guidelines.

Details: